| 000 | 00602nam a22001937a 4500 | ||
|---|---|---|---|
| 003 | OSt | ||
| 005 | 20230824083550.0 | ||
| 008 | 221006b |||||||| |||| 00| 0 eng d | ||
| 040 | _cBiblioteca Lado V | ||
| 082 |
_a790 _bT694m |
||
| 110 |
_9964 _aLos Torreznos _eautor |
||
| 245 |
_a35 minutos/ _b{oo}/ |
||
| 260 |
_c2016 _bLos Torreznos |
||
| 300 |
_c13x17cm _a25p. |
||
| 650 |
_2Tesauro de Arte & Arquitectura _aARTE |
||
| 650 |
_2Tesauro de Arte & Arquitectura _aPERFORMANCE _9702 |
||
| 650 |
_2Tesauro de Arte & Arquitectura _aEXHIBICION _9703 |
||
| 942 |
_2ddc _c1 _h790 _iT694m _n0 |
||
| 999 |
_c4202 _d4202 |
||